000 00458nam a22001697a 4500
005 20251108164030.0
008 250721s1985 xx 000 0 ara d
082 1 4 _a320.956/حاز
100 1 _aنسيبه، حازم
245 1 0 _aنحن و العالم /
264 1 _aعمان :
_bمنشورات دار الشعب،
_c1985.
300 _a341ص
650 1 7 _aالعرب
650 1 7 _aالأحوال السياسية
942 _2ddc
_cBK
999 _c1886
_d1886